000 00672nam a2200241 a 4500
008
020 _a0750648333 (pbk.)
049 _aMAIN
090 _aTP156.C7 MUL
100 1 _aMullin, J. W.
245 1 0 _aCrystallization /
_cJ.W. Mullin.
250 _a3rd ed.
260 _aOxford :
_bElsevier Butterworth-Heinemann,
_c2001.
300 _axiv, 527 p. :
_bill,
_c23 cm.
500 _aIncludes index.
504 _aIncludes bibliographical references.
650 0 _aCrystallization.
907 _a.b1015176x
_b23-04-07
_c11-02-05
003
005 20230123134154.0
040 _cNUST
942 _cBOOKS
_kTP156.C7 MUL
999 _c161288
_d161288